| 000 | 02569nam a22005417a 4500 | ||
|---|---|---|---|
| 001 | 22887076 | ||
| 005 | 20231103090142.0 | ||
| 007 | ta | ||
| 008 | 231103b |||||||| |||| 00| 0 eng d | ||
| 010 | _a 2021389332 | ||
| 015 |
_aGBC1A4253 _2bnb |
||
| 016 | 7 |
_a020247232 _2Uk |
|
| 020 |
_a9780008435448 _q(pbk.) |
||
| 020 |
_a0008435448 _q(pbk.) |
||
| 020 |
_a000843543X _q(hardcover) |
||
| 020 |
_a9780008435431 _q(hardcover) |
||
| 020 |
_z9780008435455 _q(ePub ebook) |
||
| 035 | _a(OCoLC)on1258120703 | ||
| 040 |
_aAU@ _beng _cKMU _erda _dKMU |
||
| 042 | _alccopycat | ||
| 050 | 0 | 0 | _aBF 637.C45 Man |
| 100 | 1 |
_aMannix, Kathryn, _eauthor. |
|
| 245 | 1 | 0 |
_aListen : _bhow to find the words for tender conversations / _cKathryn Mannix. |
| 264 | 1 |
_aLondon : _bWilliam Collins, _c2021. |
|
| 300 |
_a289 pages : _billustrations ; _c22 cm |
||
| 336 |
_atext _btxt _2rdacontent |
||
| 337 |
_aunmediated _bn _2rdamedia |
||
| 338 |
_avolume _bnc _2rdacarrier |
||
| 505 | 0 | _aIntroduction -- Storytelling -- Opening the box -- Towards change -- Building bridges -- Towards connection. | |
| 520 |
_aWhy do we so often come away from important interactions feeling we could have done more, been more honest, approached things differently or reached the heart of the matter? Why do we skirt the conversations that matter most? Listen uses case studies from every walk of life to look hard at conversations some term 'difficult' but which here are described as 'tender'. Examples include a child coming out to their parent; a family losing someone to terminal illness; a relative noticing early signs of dementia; and a careers adviser and teenager with radically different perspectives. With a lifetime's experience working in palliative medicine, Kathryn Mannix offers stories and expertise to help us better speak our minds and be there for others when we need to be -- _cSource other than Library of Congress. |
||
| 650 | 0 | _aListening. | |
| 650 | 0 |
_aListening _xSocial aspects. |
|
| 650 | 0 | _aInterpersonal relations. | |
| 650 | 0 | _aInterpersonal conflict. | |
| 650 | 0 | _aInterpersonal communication. | |
| 650 | 0 | _aConversation. | |
| 650 | 0 | _aAttention. | |
| 650 | 0 | _aMindfulness (Psychology) | |
| 650 | 0 | _aInformed consent (Medical law) | |
| 650 | 0 | _aEmpathy. | |
| 650 | 0 | _aNurturing behavior. | |
| 650 | 1 | 2 | _aTruth Disclosure |
| 650 | 1 | 2 | _aSocial Interaction |
| 776 | 0 | 8 |
_iEbook version : _z9780008435455 |
| 906 |
_a7 _bcbc _ccopycat _d3 _encip _f20 _gy-gencatlg |
||
| 942 |
_2lcc _cFM _n0 |
||
| 999 |
_c741 _d741 |
||